Statistiche per Elenca la formazione - Quiz n°215

Clicka qui per fare il quiz!

Statistiche generali

  • Questo quiz è stato fatto 12 volte
  • Il punteggio medio è 11 su 11

Statistiche sulle risposte

RuoloNazioneCalciatore% Corretto
PortiereCileClaudio Bravo
100%
CentrocampistaGermaniaİlkay Gündoğan
100%
DifensoreInghilterraJohn Stones
100%
DifensoreUcrainaOleksandr Zinchenko
100%
AlaInghilterraPhil Foden
100%
AlaInghilterraRaheem Sterling
100%
CentrocampistaSpagnaRodri
100%
AttaccanteArgentinaSergio Agüero
100%
TrequartistaSpagnaDavid Silva
91%
DifensoreInghilterraKyle Walker
91%
DifensoreBrasileFernandinho
82%

Distribuzione punteggi

Percentile per numero di risposta

Percentuale di utenti per punteggio

I tuoi punteggi nel tempo

Non hai fatto questo quiz